Aquarian cross (Record no. 493753)

000 -LEADER
fixed length control field 00320cam a22001217a 4500
008 - FIXED-LENGTH DATA ELEMENTS--GENERAL INFORMATION
fixed length control field 180718b1998 xxu||||| |||| 00| 0 eng d
082 ## - DEWEY DECIMAL CLASSIFICATION NUMBER
Classification number O91 K96
100 ## - MAIN ENTRY--PERSONAL NAME
Personal name K. Parvathi Kumar
245 ## - TITLE STATEMENT
Title Aquarian cross
Statement of responsibility, etc. by K. Parvathi Kumar
260 ## - PUBLICATION, DISTRIBUTION, ETC.
Place of publication, distribution, etc. Visakhapatnam
Name of publisher, distributor, etc. Dhanishta
Date of publication, distribution, etc. 1998
300 ## - PHYSICAL DESCRIPTION
Extent 245p.
650 ## - SUBJECT ADDED ENTRY--TOPICAL TERM
Topical term or geographic name entry element Aquarian cross
Holdings
Withdrawn status Lost status Damaged status Not for loan Permanent Location Current Location Date acquired Full call number Barcode Date last seen Price effective from Koha item type
        Indian Institute of Public Administration Indian Institute of Public Administration 2018-08-04 O91 K96 GR18279 2018-08-04 2018-08-04 GR

Powered by Koha